000 01209nam a2200301 a 4500
001 BRCA_8324
005 20190320210228.0
008 300614m19241929gw-a###f##---#001-0#ger-#
041 _ager
044 _agw
050 4 _aNB180
_b.P56 1924
100 1 _aPinder, Wilhelm
_920791
245 1 0 _aDie Deutsche Plastik
_bvom ausgehenden mittelalter bis zum ende der Renaissance
_cvon Wilhelm Pinder ; begründet von Fritz Burger ; herausgegeben von A. E. Brinckmann.
260 _aAlemania
_bAkademische Verlagsgesellschaft Athenaion
_c1924-1929
300 _a2 v.
_bil. (algunas a color), 8 láminas
_c29 cm.
440 0 _aHandbuch der Kunstwissenschaft
_920792
500 _aDos ejemplares consecutivos inventariados por el Banco de México como un solo libro
500 _aIncluye índice de ilustraciones
500 _aR33
505 0 _av.1 Tomo I año 1924 (páginas 1-242).-- v.2 Tomo II año 1929 (páginas 243-512)
650 1 4 _aEscultura alemana
_910304
650 1 4 _aArtes plásticas
_xEdad Media
_zAlemania
_920793
650 1 4 _aArtes plásticas
_xRenacimiento
_zAlemania
_920794
700 1 _aBurger, Fritz
_920795
700 1 _aBrinckmann, A. E.
_eed.
_920796
902 _aGFM
942 _2lcc
_cB
999 _c7992
_d7992